Kingfisher pocket book of the human body / (Record no. 5428)

MARC details
000 -LEADER
fixed length control field 00699nac a22001931u 4500
020 ## - INTERNATIONAL STANDARD BOOK NUMBER
International Standard Book Number 086272161X
082 ## - DEWEY DECIMAL CLASSIFICATION NUMBER
Classification number 612
Item number WAL
090 ## - LOCALLY ASSIGNED LC-TYPE CALL NUMBER (OCLC); LOCAL CALL NUMBER (OCLC)
-- 5428
-- 5428
100 ## - MAIN ENTRY--PERSONAL NAME
Personal name Walpole, Brenda
245 ## - TITLE STATEMENT
Title Kingfisher pocket book of the human body /
Statement of responsibility, etc Brenda Walpole.
260 ## - PUBLICATION, DISTRIBUTION, ETC. (IMPRINT)
Place of publication, distribution, etc London :
Name of publisher, distributor, etc Kingfisher, 1986
Date of publication, distribution, etc 1986.
300 ## - PHYSICAL DESCRIPTION
Extent 188p. :
Other physical details ill(some col.) ;
Dimensions 20cm.
500 ## - GENERAL NOTE
General note distributer: Al-Ahram
504 ## - BIBLIOGRAPHY, ETC. NOTE
Bibliography, etc Bibliography: p182 and index.
511 ## - PARTICIPANT OR PERFORMER NOTE
Participant or performer note catalogued by: wessam
650 ## - SUBJECT ADDED ENTRY--TOPICAL TERM
Topical term or geographic name as entry element Human physiology
General subdivision Juvenile literature
942 ## - ADDED ENTRY ELEMENTS (KOHA)
Item type Book - Borrowing
Call number prefix 612WAL
Holdings
Withdrawn status Item status Damaged status Not for loan Home library Current library Shelving location Date acquired Source of acquisition Total Checkouts Total Renewals Full call number Barcode Checked out Date last seen Date last borrowed Koha item type
        Central Library Central Library First floor 28/10/2007 Purchase 7 3 612WAL 000006561 19/11/2022 20/10/2022 20/10/2022 Book - Borrowing